| 000 | 00409nam a2200157Ia 4500 | ||
|---|---|---|---|
| 999 |
_c497 _d497 |
||
| 003 | OSt | ||
| 005 | 20190918142405.0 | ||
| 008 | 190722s9999 xx 000 0 und d | ||
| 020 | _a 978-0132359238 | ||
| 040 | _cmaju | ||
| 100 | _aThomas L. Floyd | ||
| 245 | 0 | _aDigital Fundamentals | |
| 260 |
_aNew Delhi _bPearson (Indian Ed.) Pvt. Ltd. Dorling Kindersley Pvt. Ltd. _c2016 |
||
| 300 | _a659 | ||
| 942 |
_cBK _2ddc |
||